| 000 | 00616nam a22002177a 4500 | ||
|---|---|---|---|
| 003 | OSt | ||
| 005 | 20140310181926.0 | ||
| 008 | 130720t xxu||||| |||| 00| 0 eng d | ||
| 050 |
_aQA 43 _b.Sch372sfn 2000 |
||
| 082 |
_aTR 510 _bS666 2000 |
||
| 110 | _aCambridge University Press | ||
| 245 |
_aSMP Interact FN : _bresource sheets for book FN / |
||
| 260 |
_aCambridge : _bCambridge University Press, _cc2000. |
||
| 300 |
_a30 p. ; _bill. ; _c30 cm. |
||
| 521 | _aFaculty | ||
| 541 | _j1 | ||
| 562 | _e1 | ||
| 650 |
_aMathematics _9210 |
||
| 710 | _aCambridge University Press | ||
| 942 |
_2lcc _cBK-TR _kTR |
||
| 999 |
_c7190 _d7190 |
||